| 000 | 00442nam a2200157 a 4500 | ||
|---|---|---|---|
| 001 | 21819 | ||
| 005 | 20180713215627.0 | ||
| 008 | 140415s1970 000 0 spa d | ||
| 041 | _aspa | ||
| 082 |
_a943 _bJOH |
||
| 100 | 1 | _aJOHANN, ERNST | |
| 245 | 1 | 0 | _aHISTORIA DE LA CULTURA ALEMANA DE LOS ULTUIMOS 100 AÑOS |
| 260 |
_a[s.l.] : _bNYMPHENBURGER VERLAGSHANDLUNG, _c1970 |
||
| 300 | _a231 | ||
| 650 | 1 | 4 |
_aALEMANIA _xHISTORIA |
| 999 |
_c21819 _d21819 |
||